000 00937nac a2200265 i 4500
003 EG-GICUC
005 20260121101238.0
008 251118b1950 -us||||fr|||| 00| 0 eng d
040 _aEG-GiCUC
_beng
_cEG-GiCUC
_dEG-GiCUC
_erda
082 0 4 _221
_a345.32
092 0 4 _221
099 _aLaw 07 1950
245 0 0 _aWater resources law :
_bthe report of the president's water resources policy commission.
_nVolume 3
264 _aWashington :
_bUnited States Government printing Office,
_c1950
300 _axviii, 777 pages :
_c26 cm.
336 _2rda content
_atext
337 _2rda media
_aComputer
338 _2rda carrier
_aOnline Resource
650 0 _aWater resources development
_xLaw and legislation
_zUnited States.
650 0 _aWater rights
_zUnited States.
710 _aW.ater recources policy commission
856 4 0 _uhttps://fll.law.cu.edu.eg/fulltext/bks/ENGB07-00082.pdf
905 _a10
942 _2ddc
_cBK
_e21
_n0
999 _c44151
_d44151